[Event "IECG TG.2003.0.14989"]
[Site "IECG email"]
[Date "2003.09.10"]
[Round "1"]
[White "McClure, Stephen"]
[Black "Nazim, Mohammed"]
[Result "0-1"]
[WhiteElo "800"]
[BlackElo "800"]
[PlyCount "47"]
[EventDate "2003.09.10"]
[EventType "match (corr)"]
[EventRounds "2"]
[SourceTitle "Corr 2008"]
[Source "ChessBase"]
[SourceDate "2008.06.24"]
[SourceVersion "1"]
[SourceVersionDate "2008.06.24"]
[SourceQuality "1"]

1. e4 e5 2. f4 exf4 3. Nf3 Bc5 4. d4 Bb6 5. c4 d6 6. Nc3 g5 7. g4 Nf6 8. Nxg5 Rg8 9. h4 Bxg4 10. Qa4+ Nbd7 11. Bxf4 Bxd4 12. Be2 Bxc3+ 13. bxc3 c6 14. Bxd6 Bxe2 15. Kxe2 h6 16. e5 hxg5 17. exf6 Qxf6 18. c5 Qe6+ 19. Kd2 Qd5+ 20. Kc2 Qg2+ 21. Kb3 Qd5+ 22. c4 Qd3+ 23. Kb4 a5+ 24. Qxa5 0-1

[Event "IECG TG-2003-0-14905"]
[Site "IECG email"]
[Date "2003.06.01"]
[Round "1"]
[White "McClure, Stephen"]
[Black "Grant, Robert"]
[Result "0-1"]
[WhiteElo "800"]
[BlackElo "800"]
[PlyCount "60"]
[EventDate "2003.06.01"]
[EventType "tourn (corr)"]
[EventRounds "6"]
[SourceTitle "Corr 2024"]
[Source "ChessBase"]
[SourceDate "2023.10.19"]
[SourceVersion "1"]
[SourceVersionDate "2023.10.19"]
[SourceQuality "1"]

1. e4 d6 2. d4 Nf6 3. Nc3 g6 4. Bc4 Nxe4 5. Qf3 Nf6 6. Qe3 d5 7. Nxd5 Nxd5 8. Qe4 Nb6 9. Bb3 Nc6 10. Nf3 Bf5 11. Ne5 Bg7 12. Qf4 Qxd4 13. Bxf7+ Kf8 14. Nxc6 Qxf4 15. Bxf4 Kxf7 16. Nb4 Bxb2 17. Rd1 e5 18. Bd2 Rad8 19. Nd3 Bxd3 20. cxd3 Rxd3 21. 0-0 Rhd8 22. f4 Rxd2 23. fxe5+ Ke6 24. Rde1 Bxe5 25. g4 Rxa2 26. h4 Rdd2 27. Rf8 Rg2+ 28. Kf1 Rh2 29. Re8+ Kd7 30. R8xe5 Rh1# 0-1